Tập đọc và viết tiếng phổ thông Trung Hoa : (giáo trình tự học tiếng phổ thông) /

שמור ב:
מידע ביבליוגרפי
מחברים אחרים: Gia Huy (biên dịch.), Chí Hạnh (biên dịch.)
פורמט: ספר
שפה:Vietnamese
יצא לאור: Đà Nẵng : Nxb Đà Nẵng, 2002.
סדרה:Ngôn ngữ học quốc tế.
נושאים:
תגים: הוספת תג
אין תגיות, היה/י הראשונ/ה לתייג את הרשומה!
Thư viện lưu trữ: Mạng thư viện Đại học Đà Nẵng
LEADER 01283nam a2200349 a 4500
001 000041538
003 18520
005 20230327155808.0
008 171030s2002
040 |a lnn  |c lnn  |d lnn 
041 1 |a vie 
082 1 4 |a 495.11  |b Tâ-Đ 
245 0 0 |a Tập đọc và viết tiếng phổ thông Trung Hoa :  |b (giáo trình tự học tiếng phổ thông) /  |c biên dịch Gia Huy, Chí Hạnh. 
246 3 4 |a Tập đọc & viết tiếng phổ thông :  |b (Giáo trình tự học tiếng phổ thông).  |n Tập 1. 
260 |a Đà Nẵng :  |b Nxb Đà Nẵng,  |c 2002. 
300 |a 128 tr. ;  |c 20.5 cm. 
440 0 |a Ngôn ngữ học quốc tế. 
630 0 4 |a Hán ngữ. 
630 0 4 |a Tập viết tiếng Hoa. 
650 0 4 |a Hoa ngữ. 
700 1 |a Gia Huy,  |e biên dịch. 
700 1 |a Chí Hạnh,  |e biên dịch. 
OWN |a LNN 
AVA |a UDN50  |b LNN  |d 495.11 Tâ-Đ  |e available  |t Error 5001 Not defined in file expand_doc_bib_avail.  |f 3  |g 0  |h N  |i 0 
999 |a From the UDN01 
AVA |a UDN50  |b LNN  |d 495.11 Tâ-Đ  |e available  |t Error 5001 Not defined in file expand_doc_bib_avail.  |f 3  |g 0  |h N  |i 0 
TYP |a Monograph 
TYP |a Printed language 
980 |a Mạng thư viện Đại học Đà Nẵng